पालकदिन. (Record no. 778355)

MARC details
000 -LEADER
fixed length control field 00570nam a2200181Ia 4500
008 - FIXED-LENGTH DATA ELEMENTS--GENERAL INFORMATION
fixed length control field 100921s9999 xx 000 0 und d
082 ## - DEWEY DECIMAL CLASSIFICATION NUMBER
Item number 29242
Classification number 891.463 0
100 ## - MAIN ENTRY--PERSONAL NAME
Personal name देसाई अरूणा.
245 ## - TITLE STATEMENT
Title पालकदिन.
260 ## - PUBLICATION, DISTRIBUTION, ETC. (IMPRINT)
Name of publisher, distributor, etc अक्षय प्रकाशन, पुणे.
Date of publication, distribution, etc 0
300 ## - PHYSICAL DESCRIPTION
Extent 113
Other physical details रसिक साहित्य,पुणे
365 ## - TRADE PRICE
Price amount 70
520 ## - SUMMARY, ETC.
Summary, etc ललित-कथा.
630 ## - SUBJECT ADDED ENTRY--UNIFORM TITLE
Uniform title पालकदिन.
650 ## - SUBJECT ADDED ENTRY--TOPICAL TERM
Topical term or geographic name as entry element ललित-कथा.
730 ## - ADDED ENTRY--UNIFORM TITLE
Uniform title पालकदिन.
942 ## - ADDED ENTRY ELEMENTS (KOHA)
Koha item type Book
Holdings
Withdrawn status Lost status Damaged status Not for loan Home library Current library Shelving location Date acquired Cost, normal purchase price Total Checkouts Barcode Date last seen Price effective from Koha item type Public note
        Lo. Tilak Granthasangrahalaya, Wai Lo. Tilak Granthasangrahalaya, Wai     70.00   WAITILAKGS-29242 09/21/2010 09/21/2010 Book देवघेव